000 01293naa a22003497a 4500
001 BR8204879
003 BR-BrBNA
005 20240918175145.0
007 ta
008 230509b bl.||||| |||| 00| 0 por d
040 _aBR-BrBNA
_bpor
_cBiblioteca Nacional de Agricultura
041 _a(Pt)
072 _aE10; A50
_b2120
_bG514
090 _aE10 BR8204879
100 1 _aFonseca, M.A.S. da
100 1 _aAraujo, P.F.C. de
100 1 _aPedrosa, I.A.
245 1 _aRetorno social aos investimentos em pesquisa na cultura do cafe [Sao Paulo, Brasil]
260 3 _aSao Paulo, SP (Brasil):
_bLivraria Pioneira Editora,
_c1982.
500 _aAraujo, P.F.C. de; Schuh, G.E. (eds.) Desenvolvimento da agricultura: estudos de casos Sao Paulo, SP (Brasil): Livraria Pioneira Editora, 1982. p. 329-344 (BR8204879-AM)E10
650 _aCAFE
650 _aDESENVOLVIMENTO ECONOMICO
650 _aECONOMIA AGRICOLA
650 _aPESQUISA AGRICOLA
650 _aPROGRAMA DE PESQUISA
650 _aINVESTIMENTO
650 _aCUSTO
650 _aSAO PAULO
773 0 _tDesenvolvimento da agricultura: estudos de casos
_aAraujo, P.F.C. de; Schuh, G.E. (eds.)
_b
_wE10 BR8204879
_gSao Paulo, SP (Brasil), 1982. p. 329-344
909 _a202404
_bLucia
_c55
_dLucia Elande
942 _cAM
_2AGRIS
999 _c315316
_d315316